Historias del antiguo testamento / (Registro nro. 12357)

Detalles MARC
000 -LEADER
fixed length control field 00838cam a2200301 i 4500
001 - CONTROL NUMBER
control field 0000899
003 - CONTROL NUMBER IDENTIFIER
control field DO-SdBNP
005 - DATE AND TIME OF LATEST TRANSACTION
control field 20161207151543.0
007 - PHYSICAL DESCRIPTION FIXED FIELD--GENERAL INFORMATION
fixed length control field 0000899
008 - FIXED-LENGTH DATA ELEMENTS--GENERAL INFORMATION
fixed length control field 100514s 2006 xxc a | |||| 000 f spa
015 ## - NATIONAL BIBLIOGRAPHY NUMBER
National bibliography number
017 ## - COPYRIGHT OR LEGAL DEPOSIT NUMBER
Copyright or legal deposit number
Assigning agency
020 ## - INTERNATIONAL STANDARD BOOK NUMBER
International Standard Book Number 9782764116616
035 ## - SYSTEM CONTROL NUMBER
System control number
040 ## - CATALOGING SOURCE
Original cataloging agency BPMSU
Language of cataloging spa
Transcribing agency BPMSU
Description conventions
080 ## - UNIVERSAL DECIMAL CLASSIFICATION NUMBER
Universal Decimal Classification number
100 1# - MAIN ENTRY--PERSONAL NAME
Personal name Brierley, Jane
245 10 - TITLE STATEMENT
Title Historias del antiguo testamento /
Medium
Statement of responsibility, etc. Jane Brierley ; ilustración Aleksandr Lebedev ; traducción Gloria Jaramillo
260 ## - PUBLICATION, DISTRIBUTION, ETC. (IMPRINT)
Place of publication, distribution, etc. Canada :
Name of publisher, distributor, etc. Lexus,
Date of publication, distribution, etc. 2006.
300 ## - PHYSICAL DESCRIPTION
Extent [10] p.:
Other physical details il.
Dimensions 28 cm.
490 0# - SERIES STATEMENT
Series statement Recrea y aprende
500 ## - GENERAL NOTE
General note Libro de paginas de cartón.
700 12 - ADDED ENTRY--PERSONAL NAME
Personal name Lebedev, Aleksandr
Relator term il.
700 12 - ADDED ENTRY--PERSONAL NAME
Personal name Jaramillo, Gloria
Relator term trad.
830 #0 - SERIES ADDED ENTRY--UNIFORM TITLE
Uniform title Recrea y aprende
942 ## - ADDED ENTRY ELEMENTS (KOHA)
Source of classification or shelving scheme Dewey Decimal Classification
Koha item type Libros
956 ## - LOCAL ELECTRONIC LOCATION AND ACCESS (OCLC)
Host name YLOCKWARD
Field link and sequence number 10
Compression information BPMSU
Existencias
Withdrawn status Lost status Source of classification or shelving scheme Damaged status Not for loan Collection code Home library Current library Date acquired Source of acquisition Total Checkouts Barcode Date last seen Price effective from Koha item type
    Dewey Decimal Classification     Colección Infantil General Biblioteca Pública Metropolitana Salomé Ureña Biblioteca Pública Metropolitana Salomé Ureña 12/07/2016 Sin sellar   BPMSU16120214 12/07/2016 12/07/2016 Libros